000 00375cam a22001337a 4500
008 180718b1959 xxu||||| |||| 00| 0 eng d
082 _aB22 G157
100 _aGanshof, F.L.
245 _aFeudelism
_cby F.L. Ganshof
260 _aLondon
_bLongmans
_c1959
300 _a160p.
500 _aTr. from the French of 2nd ed. 1947, English tr. first pub. 1952
650 _aFeudelism
999 _c366363
_d366363